000 00711cam a2200253 4500
999 _c7441
_d7441
001 3212449
003 GBCCL
005 20241126110628.0
008 700525s1970 njuac 000 0aeng
010 _a 78096246
040 _aDLC
_cDLC
_dDLC
050 0 0 _aML420.B84
_bA3
082 0 0 _a784.092
_aB
_bBRY
100 1 _aBryant, Anita.
_913141
245 1 0 _aMine eyes have seen the glory.
260 _aOld Tappan, N.J.,
_bRevell
_c[1970]
300 _a159 p.
_billus., ports.
_c21 cm.
350 _a3.95
500 _aAutobiographical.
600 1 0 _aBryant, Anita.
_913141
650 0 _aSingers
_zUnited States
_vBiography.
_913142
906 _a7
_bcbc
_corignew
_du
_encip
_f19
_gy-gencatlg
942 _2ddc
_cBK
_01